Duetto facile pro dvoje housle nebo houslový soubor /

Hlavní autor: Bláha, Ivo, 1936-2023
Jazyk: Nelze použít, není lingvistický obsah
Vydáno: Praha : Panton, 1980
Vydání: 1.vyd.
Témata:
Fyzický popis: 7 s.
Hudebniny Hudebniny
Uloženo v:
LEADER 00860ncm a22002412a 4500
001 000409406
003 CZ BrMZK
005 20120411151048.0
007 qu
008 010907s1980 xr f zxx d
040 |a BOA001  |b cze 
072 7 |a 787  |x Hudba pro strunné a smyčcové nástroje  |2 Konspekt  |9 9 
100 1 |a Bláha, Ivo,  |d 1936-2023  |7 jn20000400199  |4 cmp 
245 1 0 |a Duetto facile  |h [hudebnina] :  |b pro dvoje housle nebo houslový soubor /  |c Ivo Bláha 
250 |a 1.vyd. 
260 |a Praha :  |b Panton,  |c 1980 
300 |a 7 s. 
910 |a BOA001  |b PK-N-0022.188  |b Mus4-0825.073 
964 |a Housle - dueta 
990 |a MU 
991 |b 201204 
996 7 |b 2619073993  |c Mus4-0825.073  |l MZK  |r Sklad / do 1 hodiny  |n 0  |w 000409406  |u 000020  |a 1  |e BOA001  |j MZK50  |s A 
996 7 |b 3119820087  |c PK-N-0022.188  |l MZK  |r Sklad / do 1 hodiny  |n 2  |w 000409406  |u 000010  |a 1  |e BOA001  |j MZK50  |s A